000 01319nam a2200325 i 4500
003 EG-GICUC
005 20260128135935.0
008 260127s1994 ua ||||fr|||| 00| 0 ara d
040 _a EG-GICUC
_bara
_c EG-GICUC
_d EG-GICUC
_erda
041 0 _aara
082 0 4 _a343.4344
_bس م . ا
_221
092 0 4 _221
099 _aLaw1 10 343.4344 س م . ا 2 ed - 1994 1006241
100 0 _aسمير محمد هندي.
_eمؤلف.
245 1 2 _aالاشتباه وحرية المواطن بين الفقه الإسلامي والقانون الوضعي /
_cدكتور سمير محمد هندي.
250 _aالطبعة الثانية،
_bمزيدة ومنقحة
264 1 _aالقاهرة :
_bسمير محمد هندي،
_c1994.
300 _a450 صفحة ؛
_c24 سم.
_bإيضاحيات، صور، مثيليات ؛
336 _2rda content
_atext
337 _2rda media
_aComputer
338 _2rda carrier
_aOnline Resource
504 _aيشتمل على ارجاعات ببليوجرافية.
546 _aالنص باللغة العربية
650 1 4 _aالتشريع الخاص بالإشتباه.
_2qrmak
650 1 4 _aالقانون الجنائي.
_2qrmak
651 1 _2qrmak
856 4 0 _uhttps://fll.law.cu.edu.eg/fulltext/bks/B10-06241.pdf
905 _a18
942 _2ddc
_cBK
_e21
_n0
999 _c59739
_d59739